Absorpce vládních programů podpor malého a středního podnikání v roce 2003
Všeobecné podmienky pre rozvoj malého a stredného podnikania (MSP) v ČR. Programy podpory MSP poskytované vládou v roku 2003. Bankové záruky. Program Záruka. Zvýhodnené úvery. Príspevky na úhradu úrokov. Ostatné príspevky.
Salvato in:
| Autore principale: | |
|---|---|
| Altri autori: | |
| Natura: | Capitolo di libro |
| Lingua: | ceco |
| Soggetti: | |
| Tags: |
Nessun Tag, puoi essere il primo ad aggiungerne!!
|
MARC
| LEADER | 00000naa$a2200000$$$4500 | ||
|---|---|---|---|
| 001 | 0005894 | ||
| 005 | 20231004104302.9 | ||
| 041 | 0 | |a cze | |
| 044 | |a CZ | ||
| 245 | 1 | 0 | |a Absorpce vládních programů podpor malého a středního podnikání v roce 2003 |c aut. Petra Rydvalová, Helena Žuková |
| 520 | |a Všeobecné podmienky pre rozvoj malého a stredného podnikania (MSP) v ČR. Programy podpory MSP poskytované vládou v roku 2003. Bankové záruky. Program Záruka. Zvýhodnené úvery. Príspevky na úhradu úrokov. Ostatné príspevky. | ||
| 610 | 2 | 0 | |a podpora podnikania |
| 610 | 2 | 0 | |a Česko |
| 610 | 2 | 0 | |a podnik malý |
| 610 | 2 | 0 | |a podnik stredný |
| 610 | 2 | 0 | |a programy rozvojové |
| 100 | 1 | |a Rydvalová, Petra | |
| 700 | 1 | |a Žuková, Helena | |